LEADER 01377nam a2200277 u 4500 001 000000026828 003 CaOOAMICUS 005 20070226111624.0 008 951123s1986 it u000 u ita u 020 $a882130132X 035 $a10694110 040 $aMSA$bita$dPUL(R) 100 1 $aNanni, Carlo.$0(OLS)http://pul/name/22012 245 12$aL'educazione tra crisi e ricerca di senso :$bun approccio filosofico /$cCarlo Nanni. 260 $aRoma :$bLAS,$c[1986] 300 $a246 p. ;$c24 cm 490 1 $aPubblicazioni della Facoltà di scienze dell'educazione dell'Università Pontificia salesiana di Roma.$aEnciclopedia delle scienze dell'educazione ;$v15 650 4$aPedagogia$xStudi.$0(OLS)http://pul/subject/7699 830 0$aPubblicazioni della Facoltà di scienze dell'educazione dell'Università Pontificia salesiana di Roma.$pEnciclopedia delle scienze dell'educazione ;$v15.$0(OLS)http://pul/title/3064 850 $aPUL 852 $aPUL$W1$xDP1 Cons. Gen., Altre Classi 1$y22$m43 I 27$j37440$nBK-PRI$b $qStampati$B37440$CPULBib$Z2$F37440 $H $81 941 1 $a8 961 $aINV: 55180 996 $6020$a882130132X$9(OLS)http://pul/number/33320 996 $6245$aL'educazione tra crisi e ricerca di senso :$bun approccio filosofico$9(OLS)http://pul/title/36784 996 $6260$aRoma :$bLAS$9(OLS)http://pul/publisher/48069 LEADER 00887naa a2200217 u 4500 001 000000094383 003 CaOOAMICUS 005 20070226130138.0 008 040329s1972 it u000 u eng u 035 $a10988679 040 $aIAR$bita 100 1 $aSasson, Jack Murad.$0(OLS)http://pul/name/35638 245 10$aFlora, Fauna and Minerals /$cJack M. Sasson. 260 $aRoma :$bPontif. Inst.Bib.,$c1972. 300 $aS., 383-452, ;$c29 cm 650 4$aLingua ebraica$xGlossari, vocabolari, ecc.$0(OLS)http://pul/subject/27566 650 4$aLingua ugaritica$xGlossari, vocabolari, ecc.$0(OLS)http://pul/subject/30153 773 0 $aRas Shamra parallels.$gv.1 773 0 $tRas Shamra parallels : the texts from Ugarit and Hebrew Bible$w()3813 996 $6245$aFlora, Fauna and Minerals$9(OLS)http://pul/title/121251 996 $6260$aRoma :$bPontif. Inst.Bib.$9(OLS)http://pul/publisher/79178